On Monetary Causes of Real Exchange Rate Changes

Na minha lista:
Detalhes bibliográficos
Autor principal: Fürstenberg, Reinhard W.
Formato: Livro
Idioma:inglês
Publicado em: Tübingen Mohr 1985
Colecção:Kieler Studien 196
Assuntos:
Tags: Adicionar Tag
Sem tags, seja o primeiro a adicionar uma tag!

MARC

LEADER 00000nam a2200000 4500
001 c041651
005 20181203150217.7
041 0 |a eng 
044 |a DE 
245 1 0 |a On Monetary Causes of Real Exchange Rate Changes  |c Reinhard W. Fürstenberg 
264 1 |a Tübingen  |b Mohr  |c 1985 
300 |a 121 s. 
490 1 |a Kieler Studien  |v 196 
830 0 |a Kieler Studien  |v 196 
610 2 0 |a kurz devízový 
100 1 |a Fürstenberg, Reinhard W.